Logo Biblioteca

Geografía : (Registro nro. 83)

Detalles MARC
000 -LEADER
fixed length control field 01646nam a22002777a 4500
003 - CONTROL NUMBER IDENTIFIER
control field OSt
005 - DATE AND TIME OF LATEST TRANSACTION
control field 20240403093248.0
008 - FIXED-LENGTH DATA ELEMENTS--GENERAL INFORMATION
fixed length control field 230925s2022 ag ||||| |||| 00| 0 spa d
020 ## - INTERNATIONAL STANDARD BOOK NUMBER
International Standard Book Number 9789501311389
040 ## - CATALOGING SOURCE
Language of cataloging spa
Transcribing agency besoc
245 00 - TITLE STATEMENT
Title Geografía :
Remainder of title del mundo /
Statement of responsibility, etc. Laura Dalterio ... [et al.]
250 ## - EDITION STATEMENT
Edition statement 1a ed.
260 ## - PUBLICATION, DISTRIBUTION, ETC.
Place of publication, distribution, etc. Buenos Aires :
Name of publisher, distributor, etc. Kapelusz,
Date of publication, distribution, etc. 2022
300 ## - PHYSICAL DESCRIPTION
Extent 304 p.
505 ## - FORMATTED CONTENTS NOTE
Formatted contents note LA ORGANIACION POLITICA Y ECONOMICA DEL MUNDO ACTUAL--La geografía una ciencia social--Los estados y la organización del espacio--El mundo en la globalización--LAS BASES NATURALES DEL MUNDO--El planeta y sus bases naturales--Los recursos naturales en el mundo contemporáneo--Los problemas ambientales en el mundo--LA POBLACION MUNDIAL Y SU CALIDAD DE VIDA--La población en el mundo actual--La modalidad geográfica de la población--LOS ESPACIOS URBANOS Y RURALES--Lo urbano y lo rural en el mundo actual--Las ciudades del siglo XXI--Los espacios rurales en el siglo XXI--ATLAS DE LOS CONTINENTES--El continente mas extenso: Asia--El África, cuna de la humanidad--América, un continente muy variado--Europa, cuna de la civilización occidental--Oceanía, un continente formado por islas--La Antártida, un continente muy particular--
650 #4 - SUBJECT ADDED ENTRY--TOPICAL TERM
Topical term or geographic name entry element Geografía
General subdivision Educación secundaria
-- Libros de texto
700 1# - ADDED ENTRY--PERSONAL NAME
Personal name Dalterio, Laura
Relator term autor
700 1# - ADDED ENTRY--PERSONAL NAME
Personal name López, Laura
700 1# - ADDED ENTRY--PERSONAL NAME
Personal name Martín, Julieta Paula
Relator term autor
700 1# - ADDED ENTRY--PERSONAL NAME
Personal name Rizzi, Analía
Relator term autor
700 1# - ADDED ENTRY--PERSONAL NAME
Personal name Rodríguez Freiman, Diego
Relator term autor
700 1# - ADDED ENTRY--PERSONAL NAME
Personal name Sposob, Gustavo
Relator term autor
700 1# - ADDED ENTRY--PERSONAL NAME
Personal name Valverde, Santiago
Relator term autor
700 1# - ADDED ENTRY--PERSONAL NAME
Personal name Rovatti, Daniela
Relator term autor
942 ## - ADDED ENTRY ELEMENTS (KOHA)
Source of classification or shelving scheme Universal Decimal Classification
Koha item type Libro de préstamo a domicilio
Suppress in OPAC No
Existencias
Withdrawn status Lost status Source of classification or shelving scheme Damaged status Not for loan Home library Current library Date acquired Total checkouts Full call number Barcode Date last seen Date last checked out Price effective from Koha item type Collection Source of acquisition Copy number
    Universal Decimal Classification     Biblioteca Escuela de Ciencias Sociales Biblioteca Escuela de Ciencias Sociales 25/09/2023 2 911(07) G345 000797 15/12/2025 10/09/2025 25/09/2023 Libro de préstamo a domicilio      
    Universal Decimal Classification     Biblioteca Escuela de Ciencias Sociales Biblioteca Escuela de Ciencias Sociales 16/09/2025   911(07) G345 001457 16/09/2025   16/09/2025 Obra General Colección General Donación 2025 Ej. 2
Biblioteca de la Escuela Preuniversitaria en Ciencias Sociales y Humanísticas.
Riobamba 250 bis.
CP 2000 - Rosario - Santa Fe
E-Mail: biblioteca@esociales.unr.edu.ar